Quantum many-particle systems by John W Negele and Henri Orland (Record no. 1211600)
[ view plain ]
| 000 -LEADER | |
|---|---|
| fixed length control field | 01179nam a2200313Ia 4500 |
| 003 - CONTROL NUMBER IDENTIFIER | |
| control field | OSt |
| 005 - DATE AND TIME OF LATEST TRANSACTION | |
| control field | 20221007123242.0 |
| 008 - FIXED-LENGTH DATA ELEMENTS--GENERAL INFORMATION | |
| fixed length control field | 221006b |||||||| |||| 00| 0 eng d |
| 020 ## - INTERNATIONAL STANDARD BOOK NUMBER | |
| International Standard Book Number | 0201410478 (pbk) |
| -- | 23.55 |
| 037 ## - SOURCE OF ACQUISITION | |
| Terms of availability | Textual |
| 040 ## - CATALOGING SOURCE | |
| Original cataloging agency | PAPL |
| Transcribing agency | PAPL |
| Language of cataloging | eng |
| 041 ## - LANGUAGE CODE | |
| Source of code | eng |
| Language code of text/sound track or separate title | eng |
| 100 ## - MAIN ENTRY--PERSONAL NAME | |
| Personal name | Negele John W |
| 245 #0 - TITLE STATEMENT | |
| Title | Quantum many-particle systems by John W Negele and Henri Orland |
| Remainder of title | Orland Henri |
| 260 ## - PUBLICATION, DISTRIBUTION, ETC. | |
| Place of publication, distribution, etc. | Reading, |
| Name of publisher, distributor, etc. | Massachusetts Addison-Wesley Publishing Company |
| Date of publication, distribution, etc. | 1988 |
| 300 ## - PHYSICAL DESCRIPTION | |
| Extent | xviii,459p |
| Dimensions | cm. |
| 490 ## - SERIES STATEMENT | |
| Series statement | Frontiers in physics |
| 500 ## - GENERAL NOTE | |
| General note | Bibliographical references 447-453p; Index 455-459p; ^n23/CSL/Carpa/96-97/4007^d1997-02-19^mPurchase; ; 96-97/434^b1997-03-03^c044403^d1997-02-25^eNarosa Book distributors Private Limited; ; 1997-03-07^bSB^c1997-06-26^dSB^r1997-08-10 |
| 650 ## - SUBJECT ADDED ENTRY--TOPICAL TERM | |
| Topical term or geographic name entry element | Many body problems |
| 9 (RLIN) | 716970 |
| 650 ## - SUBJECT ADDED ENTRY--TOPICAL TERM | |
| Topical term or geographic name entry element | Wave mechanics |
| 9 (RLIN) | 614331 |
| 650 ## - SUBJECT ADDED ENTRY--TOPICAL TERM | |
| Topical term or geographic name entry element | Physics |
| 700 ## - ADDED ENTRY--PERSONAL NAME | |
| Personal name | Orland Henri |
| 942 ## - ADDED ENTRY ELEMENTS (KOHA) | |
| Classification part | CN2,9B5, M8 |
| Koha item type | Textual |
| Source of classification or shelving scheme | Colon Classification (CC) |
| Withdrawn status | Lost status | Source of classification or shelving scheme | Damaged status | Not for loan | Home library | Current library | Date acquired | Source of acquisition | Total Checkouts | Full call number | Barcode | Date last seen | Price effective from | Koha item type |
|---|---|---|---|---|---|---|---|---|---|---|---|---|---|---|
| Colon Classification (CC) | Department of Physics and Astrophysics Library | Department of Physics and Astrophysics Library | 2022-10-07 | Narosa, | CN2,9B5 M8 | PA0005148 | 2022-10-07 | 2022-10-07 | Textual |
